Ashvatthaman (Record no. 143888)

MARC details
000 -LEADER
fixed length control field 00551nam a2200193Ia 4500
003 - CONTROL NUMBER IDENTIFIER
control field OSt
005 - DATE AND TIME OF LATEST TRANSACTION
control field 20260128155613.0
008 - FIXED-LENGTH DATA ELEMENTS--GENERAL INFORMATION
fixed length control field 210210b1929 xxu||||| |||| 00| 0 eng d
040 ## - CATALOGING SOURCE
Original cataloging agency AL
Transcribing agency
041 ## - LANGUAGE CODE
Language code of text/sound track or separate title Kannada
082 ## - DEWEY DECIMAL CLASSIFICATION NUMBER
Classification number 853/473
100 ## - MAIN ENTRY--PERSONAL NAME
Personal name SHRIKANTAYYA (B M)
9 (RLIN) 26613
Dates associated with a name ಶ್ರೀಕಂಠಯ್ಯ (ಬಿ ಎಂ)
245 ## - TITLE STATEMENT
Title Ashvatthaman
Remainder of title ಅಶ್ವತ್ಥಾಮನ್
260 ## - PUBLICATION, DISTRIBUTION, ETC.
Place of publication, distribution, etc. Bengaluru
Name of publisher, distributor, etc. Karnataka Sangha
Date of publication, distribution, etc. 1929
650 ## - SUBJECT ADDED ENTRY--TOPICAL TERM
Topical term or geographic name entry element Ashvatthaman
9 (RLIN) 26614
690 ## - LOCAL SUBJECT ADDED ENTRY--TOPICAL TERM (OCLC, RLIN)
Topical term or geographic name as entry element Kannada Drama
9 (RLIN) 26615
906 ## - LOCAL DATA ELEMENT F, LDF (RLIN)
a 019747
942 ## - ADDED ENTRY ELEMENTS (KOHA)
Source of classification or shelving scheme Dewey Decimal Classification
Koha item type Book
Holdings
Withdrawn status Lost status Source of classification or shelving scheme Damaged status Not for loan Collection code Home library Current library Shelving location Date acquired Cost, normal purchase price Total Checkouts Full call number Barcode Date last seen Price effective from Koha item type
    Dewey Decimal Classification     Kannada St Aloysius Library St Aloysius Library   02/17/2021 0.00   853/471 019745 02/17/2021 02/17/2021 Book
    Dewey Decimal Classification     Kannada St Aloysius Library St Aloysius Library   02/17/2021 0.00   853/472 019746 02/17/2021 02/17/2021 Book
    Dewey Decimal Classification     Kannada St Aloysius Library St Aloysius Library   02/17/2021 0.00   853/473 019747 02/17/2021 02/17/2021 Book
    Dewey Decimal Classification     Kannada St Aloysius Library St Aloysius Library   02/17/2021 0.00   853/474 019748 02/17/2021 02/17/2021 Book